Con la boca abierta: anecdotario: confidencias de dentistas y sus pacientes
Uloženo v:
| Hlavní autor: | |
|---|---|
| Médium: | Kniha |
| Jazyk: | španělština |
| Vydáno: |
Valparaíso
Argraf
1994
|
| Témata: | |
| Tagy: |
Přidat tag
Žádné tagy, Buďte první, kdo vytvoří štítek k tomuto záznamu!
|
MARC
| LEADER | 00000nam a2200000 a 4500 | ||
|---|---|---|---|
| 001 | UCY4194 | ||
| 003 | CL-VaPUC | ||
| 008 | 950302e19940000CL |||||||||||||||||spa|d | ||
| 082 | 0 | 4 | |a Ch867 |b BUS |2 21 |
| 100 | 0 | |a Bustos Contreras, Jaime |e author |9 332608 | |
| 245 | 1 | 0 | |a Con la boca abierta: anecdotario: confidencias de dentistas y sus pacientes |
| 300 | |a 113 p | ||
| 942 | |c BK | ||
| 945 | |d 19950302 00:00:00 |a mfernand | ||
| 260 | |a Valparaíso |b Argraf |c 1994 | ||
| 650 | 0 | |a Medicina |9 258507 | |
| 650 | 0 | |a Anécdotas |9 313436 | |
| 650 | 0 | |a Anécdotas chilenas |9 332609 | |
| 650 | 7 | |a DENTISTAS |2 CL-VaPUC |9 332610 | |
| 583 | |a last modification |c 19950302 00:00:00 |k Rodrigo Vera | ||
| 999 | |c 232128 |d 232126 | ||
| 952 | |0 0 |1 0 |4 0 |6 CH_867_000000000000000_BUS_1994 |7 0 |8 A |9 236182 |a BIBEDU |b BIBEDU |d 2019-11-15 |i 3057429 |o Ch867 BUS 1994 |p 3057429 |r 2019-11-15 |w 2019-11-15 |y BK |k LIT | ||